Dzielnice Rzeszowa - Quiz na mapie - Statystyki

Ogólne statystyki
  • Ten quiz został rozwiązany 98 razy
  • Średni wynik to 9 z 33
Odpowiedzi na mapie
Odpowiedzi zakodowano w zielono-czerwonej skali na mapie do tego quizu, zgodnie z poniższymi procentami.
 
Statystyki odpowiedzi
Odpowiedź % Poprawnych
Baranówka
50%
Bzianka
48%
Budziwój
46%
Nowe Miasto
42%
Miłocin
40%
Załęże
38%
1000-Lecia
33%
Paderewskiego
33%
Słocina
31%
Drabinianka
29%
Gen. Andersa
29%
Mieszka I
29%
Pobitno
29%
Pogwizdów Nowy
29%
Przybyszówka
29%
Staromieście
29%
Zalesie
29%
Biała
27%
Śródmieście
27%
Gen. Dąbrowskiego
25%
Kmity
25%
Zwięczyca
25%
Krakowska – Południe
23%
Matysówka
23%
Miłocin – św. Huberta
23%
Piastów
23%
Wilkowyja
23%
Kotuli
21%
Staroniwa
21%
Gen. Grota Roweckiego
19%
Króla Stanisława Augusta
19%
Zawiszy Czarnego
15%
Pułaskiego
13%
Nie znaleziono quizów pasujących do podanych kryteriów
Rozkład punktacji
Procent ludzi z każdym wynikiem
Percentyl według liczby udzielonych odpowiedzi
Twoja historia wyników
Nie rozwiązałeś tego quizu